Todos os X-Men - Statistics

Estatísticas Gerais
  • Esse quiz foi jogado 218 vezes
  • A pontuação média é 27 de 89
Estatísticas das Respostas
X-Men % Correto
Wolverine
97%
Ciclope
95%
Professor X
95%
Fênix
92%
M
92%
Tempestade
92%
Fera
89%
Magneto
86%
Vampira
84%
Noturno
83%
Mística
79%
Lince Negra
74%
Homem de Gelo
68%
Gambit
63%
Colossus
60%
Anjo / Arcanjo
58%
Jubileu
55%
Emma Frost
48%
Mancha Solar
46%
Dentes-de-Sabre
43%
Destrutor
43%
Cable
42%
Fanático
42%
Psylocke
40%
Garota Marvel
38%
X-23
37%
Bishop
35%
Banshee
34%
Morfo
32%
Polaris
32%
Magia
31%
Rapina
30%
Apache
29%
Míssil
28%
Forge
27%
Dominó
26%
Darwin
25%
Magma
25%
Pássaro Trovejante
24%
Pássaro Trovejante III
23%
Solaris
22%
Vulcano
22%
Blink
20%
Dinamite
20%
Fada
20%
Miragem
20%
Cristal
19%
Esperança
19%
X-Man
19%
Medula
15%
Mímico
15%
Namor
15%
Legião
14%
Longshot
14%
Estrela Polar
13%
Lockheed
13%
Petra
13%
Reprise
12%
Adaga
11%
Cifra
11%
Karma
11%
Manto
11%
Aurora
10%
Câmara
10%
Escalpo
10%
Fantomex
10%
Sábia
10%
Warlock
10%
Armadura
8%
Dra. Cecilia Reyes
8%
Perigo
8%
Xorn
8%
Xorn
8%
Ariel
7%
Larval
7%
Revanche
7%
Salva-Vidas
7%
Doutor Nêmesis
5%
Stacy X
5%
E.V.A.
4%
Frenesi
4%
Hepzibah
4%
Joseph
4%
Lady Mental
4%
Sentinela Ômega
4%
Box
3%
Flama
2%
Fluxo
2%
Slipstream
0%
Nenhum quiz correspondente encontrado
Distribuição das Pontuações
Porcentagem de Pessoas com Cada Pontuação
Percentil de Números Respondidos
Sua Pontuação Histórica
Você não jogou esse quiz